000 00465pab a2200169 454500
008 180718b2017 xxu||||| |||| 00| 0 eng d
100 _aMills, Mary Beth
245 _aGendered morality tales: discourses of gender, labour, and value in globalising Asia
260 _c2017
300 _ap.316-330.
362 _aMar
650 _aGlobalization
650 _aLabour
650 _aWomen workers
773 _aJournal of Development Studies
909 _a114320
999 _c114314
_d114314